000 00343nam a22001337a 4500
082 _a624.25
_bBRO
_cL- TECH, P-114.
100 _aBrown .T .E
_943387
245 _aThe nook of the light car
260 _alondon
_bChapman & hall
_c1926
300 _aill
526 _a0
_b0
_c0
_d624_250000000000000_BRO
650 _aMCE
_9379
942 _2ddc
_cBK
999 _c547210
_d547210